Statistics for Phineas and Ferb Characters by number of "Where's Perry?"'s

Click here to take the quiz!

General Stats

  • This quiz has been taken 324 times
  • The average score is 10 of 18

Answer Stats

#Answer% Correct
153Phineas Flynn
100%
2Ferb Fletcher
97%
13Candace Flynn
92%
10Isabella Garcia-Shapiro
91%
7Baljeet Tjinder
86%
8Buford Van Stomm
85%
4Linda Flynn-Fletcher
82%
8Lawrence Fletcher
70%
8Dr. Heinz Doofenshmirtz
66%
3Major Francis Monogram
64%
2Stacy Hirano
64%
3Irving Du Bois
51%
1Reginald Fletcher
13%
1Vivian Garcia-Shapiro
13%
1Chaka Khan
3%
1Hotel Manager
3%
1Jeff "Swampy" Marsh
2%
1Peggy McGee
0%

Score Distribution

Percentile by Number Answered

Percent of People with Each Score

Your Score History

You have not taken this quiz